Τα αδιάντροπα : λεσβιακά λαογραφικά

Αποθηκεύτηκε σε:
Λεπτομέρειες βιβλιογραφικής εγγραφής
Κύριος συγγραφέας: Καραγιάννης, Βαγγέλης
Άλλοι συγγραφείς: Μερακλής, Μιχάλης Γ., 1932- (Συγγραφέας εισαγωγής κ.λπ.)
Μορφή: Βιβλίο
Γλώσσα:Greek
Δημοσίευση: Αθήνα : Φιλιππότης, 1983.
Σειρά:Λαογραφία-παράδοση 6
Θέματα:
Ετικέτες: Προσθήκη ετικέτας
Δεν υπάρχουν, Καταχωρήστε ετικέτα πρώτοι!

MARC

LEADER 00000cam a2200000 i 4500
001 1/20599
008 120615s1983 gr | ||| |||| ||gre||
035 |l 10112734 
040 |a GR-MyUA  |b gre  |e AACR2 
041 0 |a gre 
082 0 |a 398.949582   |2 (22) 
100 1 |a Καραγιάννης, Βαγγέλης. 
245 1 3 |a Τα αδιάντροπα :   |b λεσβιακά λαογραφικά /   |c Βαγγέλης Καραγιάννης ; πρόλογος Μ. Γ. Μερακλή.  
260 |a Αθήνα :   |b Φιλιππότης,   |c 1983.  
300 |a 95 σ. ;   |c 21 εκ. 
490 1 |a (Λαογραφία - Παράδοση   |v ; 6) 
650 0 |a Proverbs, Greek  |z Greece  |z Lesbos (Municipality) 
650 0 0 |a Folklore  |z Greece  |z Lesbos (Municipality) 
700 1 |a Μερακλής, Μιχάλης Γ.,   |d 1932-  |e aui 
830 0 |a Λαογραφία-παράδοση  |v 6 
852 |a INST  |b SAMOS  |e 20120615  |h 398.949582 ΚΑΡ  |p 005300033726  |q 005300033726  |t BK  |y 0 
901 |a BIBL3-2012-2 
909 |a Σ  |b 172344 
970 |a ΓΟΥΒΑΛΑ  |b ΒΑΣΩ  |z 2012/06/15